00613nam a2200169Ia 4500008004000000020001800040082001700058100000600075245005100081250000500132260006100137300001000198650003900208906001100247999001900258952016600277210210b2001 xxu||||| |||| 00| 0 eng d a81 7581 032 7 a823.009 LALT a. aThomas Hardy tess of the D'urbervilles. Ed 21. a aNew Delhi.bRama Brothers Educational Publishers.,c2001 ax,221 aHardy Tess of the D'Curbervilles  a057664 c105317d105317 001040708EnglishaALbALcEnglish Literatured2021-02-17eSchool Book Company, Mangalore.g70.00l0o823.009 LALTp057664r2021-02-17 00:00:00w2021-02-17yBK